Gerakan pembebasan nasional di Timur (Record no. 73371)

MARC details
000 -LEADER
fixed length control field 00565cam a22002051 4500
001 - CONTROL NUMBER
control field sa 67002685
003 - CONTROL NUMBER IDENTIFIER
control field DLC
005 - DATE AND TIME OF LATEST TRANSACTION
control field 20260227112332.0
008 - FIXED-LENGTH DATA ELEMENTS--GENERAL INFORMATION
fixed length control field 890617m19659999io 000 0 dut
010 ## - LIBRARY OF CONGRESS CONTROL NUMBER
LC control number sa 67002685
035 ## - SYSTEM CONTROL NUMBER
System control number (OCoLC)23410504
040 ## - CATALOGING SOURCE
Original cataloging agency DLC
Transcribing agency MiU
Modifying agency DLC
042 ## - AUTHENTICATION CODE
Authentication code premarc
050 00 - LIBRARY OF CONGRESS CALL NUMBER
Classification number DK254.L3
Item number A5912
100 1# - MAIN ENTRY--PERSONAL NAME
Personal name Lenin, Vladimir Ilʹich,
Dates associated with a name 1870-1924.
240 00 - UNIFORM TITLE
Uniform title Works.
Form subheading Sʼelections.
Language of a work Indonesian
245 10 - TITLE STATEMENT
Title Gerakan pembebasan nasional di Timur
260 ## - PUBLICATION, DISTRIBUTION, ETC.
Place of publication, distribution, etc. Djakarta,
Name of publisher, distributor, etc. Jajasan "Pembaruan,"
Date of publication, distribution, etc. 1965-
300 ## - PHYSICAL DESCRIPTION
Extent 1 v.
Dimensions 20 cm.

No items available.

Powered by Koha